Puerto Rico (Record no. 12331)
[ view plain ]
| 000 - LÍDER | |
|---|---|
| campo de control de longitud fija | 00884nam a2200205Ia 4500 |
| 008 - ELEMENTOS DE DATOS DE LONGITUD FIJA - INFORMACIÓN GENERAL | |
| campo de control de longitud fija | 000000[1970] pr ad 0000000000mul00 |
| 090 ## - NÚMERO DE LLAMADA DE TIPO LC LOCALMENTE ASIGNADO (OCLC) | |
| Número de clasificación (OCLC) (R) | PPR00 P82p |
| 245 10 - TÍTULO DECLARACIÓN | |
| Título | Puerto Rico |
| Resto del título | : la nueva vida ; a Collection of works by Puerto Rican Artists. |
| 260 ## - PUBLICACIÓN, DISTRIBUCIÓN | |
| Lugar de publicación | San Juan (Puerto Rico) : Housing Investment Corporaion |
| Fecha de publicación | 1970 |
| 300 ## - DESCRIPCIÓN FÍSICA | |
| Alcance | [12] p. |
| Dimensiones | / 20 cm. |
| 500 ## - NOTA GENERAL | |
| Nota general | Proyecto Ganador Programa Apoyos Concertados FGAA 2010 |
| 505 ## - NOTA DE CONTENIDO FORMATEADA | |
| Nota sobre el contenido formateado | ARTISTAS : Rafael Tufiño Myrna Baez Antonio Martorell Lorenzo Homar FeliX Rodríguez Baez Carlos Osorio Augusto Marin Manuel Hernández Acevedo José R. Oliver |
| 650 14 - ENTRADA DE SUJETO AÑADIDO - TÉRMINO TÓPICO | |
| Término tópico o elemento de entrada del nombre geográfico | ACUARELA |
| 650 14 - ENTRADA DE SUJETO AÑADIDO - TÉRMINO TÓPICO | |
| Término tópico o elemento de entrada del nombre geográfico | ARTE CONTEMPORANEO PUERTORRIQUEÑO |
| 650 14 - ENTRADA DE SUJETO AÑADIDO - TÉRMINO TÓPICO | |
| Término tópico o elemento de entrada del nombre geográfico | ARTISTAS PLASTICOS PUERTORRIQUEÑOS |
| 650 14 - ENTRADA DE SUJETO AÑADIDO - TÉRMINO TÓPICO | |
| Subdivisión general | CATALOGOS |
| 650 14 - ENTRADA DE SUJETO AÑADIDO - TÉRMINO TÓPICO | |
| Término tópico o elemento de entrada del nombre geográfico | PINTURA ACRILICA (ARTE) |
| 650 14 - ENTRADA DE SUJETO AÑADIDO - TÉRMINO TÓPICO | |
| Término tópico o elemento de entrada del nombre geográfico | PINTURA AL OLEO |
| 650 14 - ENTRADA DE SUJETO AÑADIDO - TÉRMINO TÓPICO | |
| Término tópico o elemento de entrada del nombre geográfico | PINTURA PUERTORRIQUEÑA |
| Estado de retirada | Pérdida de estatus | Estado dañado | No para préstamo | Código de recogida | Ubicación permanente | Ubicación actual | Ubicación de las estanterías | Fecha de adquisición | Número de llamada completo | Código de barras | Fecha de la última vez que se vio | Número de copia | Precio efectivo desde | Tipo de artículo Koha |
|---|---|---|---|---|---|---|---|---|---|---|---|---|---|---|
| General | ArtNexus | ArtNexus | General | 06/09/2022 | P-PR-00 P82P | 12459 | 06/09/2022 | Ej.1 | 06/09/2022 | Libro |